000 00803nam a2200229 a 4500
001 44844
003 BD-RjUL
005 20211209053927.0
008 160720s1964 B a|||| |||| 00| 0 ben d
020 _c: TK 3.00
035 _a(BD-RjUL)44962
040 _aBD-RjUL
_bben
_cBD-RjUL
041 _aben
082 _223
_a891.443
_bPOB 1964
100 1 _aপন্নী, বায়াজিদ খান
_9137422
245 1 0 _aবাঘ বন বন্দুক /
_cবায়াজিদ খান পন্নী
260 _aঢাকা :
_bজিনাত আরা আলম,
_c১৯৬৪
300 _a৮৮ পৃ. :
_bচিত্র ;
_c২৩ সেমি.
650 _aবাংলা
_vউপন্যাস
_9137423
650 _a Bengali
_vFiction
_9137424
942 _2ddc
_cBK
999 _c44844
_d44844